000 00607nam a2200241 i 4500
001 C2-0238549
003 PPAK
005 20180727201616.0
008 020422s2002 nyu |||| ||||| | eng d
020 _a0440235782
040 _aPPAK
_beng
_cPPAK
_erda
082 0 4 _a823
_223
090 0 0 _a823
_bSKY
_dG
100 1 _aSkye, Christina,
_eauthor
245 1 0 _aMy spy
264 1 _aNew York :
_bDell Publishing ,
_c2002
300 _a364 pages ;
_c18 cm
336 _2rdacontent
_atext
337 _2rdamedia
_aunmediated
338 _2rdacarrier
_avolume
650 1 0 _aEnglish fiction
942 _ddc
_cB
999 _c53895
_d53895